Apartaments turístics : establiments hotelers / establiments hotelers /
Descripción Física:
37 p. ; 21 cm
Colección:
Consum (Barcelona (Catalunya : Província). Diputació)
; 19
Materias:
Hotels -- Dret i legislació
Idioma:
Catalán
MARC
| LEADER | 00000nam a2200000Ia 4500 | ||
|---|---|---|---|
| 001 | 12412 | ||
| 003 | Arxiu | ||
| 005 | 20260324180558.0 | ||
| 008 | 160829s2000 spc xx s cat c | ||
| 040 | |a AGDB | ||
| 041 | |a cat | ||
| 080 | |a FU-14-18 | ||
| 100 | 1 | |a Vidal Quirante, Marta |9 23592 | |
| 245 | 1 | 0 | |a Apartaments turístics : |b establiments hotelers / |c Marta Vidal Quirante |
| 260 | |a Barcelona : |b Diputació de Barcelona. Servei de Salut Pública i Consum, |c 2000 | ||
| 300 | |a 37 p. ; |c 21 cm | ||
| 490 | 1 | |a Consum ; |v 19 | |
| 650 | |a Hotels |x Dret i legislació |9 49177 | ||
| 710 | |a Barcelona (Catalunya : Província). |b Servei de Salut Pública i Consum |9 8151 | ||
| 830 | 0 | |9 56020 |a Consum (Barcelona (Catalunya : Província). Diputació) |v 19 | |
| 901 | |a Arxiu | ||
| 942 | |n 1 |2 udc |c EP | ||
| 952 | |0 0 |1 0 |4 0 |6 FU1418 |7 1 |9 55139 |a Arxiu |b Arxiu |d 2016-12-01 |l 0 |o FU-14-18 |p 12412 |r 2016-12-01 00:00:00 |w 2016-12-01 |y ARXIU | ||
| 999 | |c 59011 |d 59011 | ||